| 000 | 00808 a2200241 4500 | ||
|---|---|---|---|
| 003 | Nust | ||
| 005 | 20170207154019.0 | ||
| 020 | _a0-596-00344-7 (pbk.) : | ||
| 035 | _a(Uk)0596003447 | ||
| 040 | _cNust | ||
| 082 | 0 | 4 | _a005.117 |
| 100 | 1 | _aAlhir, Sinan Si | |
| 245 | 1 | 0 |
_aLearning UML-(EBOOK) _b[communicating software design graphically] / _cSinan Si Alhir. |
| 260 |
_aSebastopol, Calif. ; _aFarnham : _bO'Reilly, _c2003. |
||
| 300 |
_axvi, 234 s. : _bill. ; _c23cm. |
||
| 505 | _aPart I: Fundamentals - Part II: Structural Modeling - Part III: Behavioral Modeling - Part IV: Beyond The Unified Modeling Language - Part V: Appendixes | ||
| 650 | 0 | _aSystem design | |
| 650 | 0 | _aSystemutveckling | |
| 650 | 0 | _aUML | |
| 650 | 0 | _aUML (Computer science) | |
| 650 | 0 | _aUML (Computer science) | |
| 651 | _aEBOOK | ||
| 942 |
_2ddc _cBK |
||
| 999 |
_c191611 _d191611 |
||